000
00311nam a22001337a 4500
008
181101b xxu||||| |||| 00| 0 eng d
020
_a
9780721695488
041
_a
eng
080
_2
4th
_a
610
100
_a
4
101
_a
SHM
245
_a
Principles of Pulmonary Medicine
_c
Weinberger,S.E
942
_2
udc
_c
BK
999
_c
51416
_d
51416